| 000 | 01302nam a2200301 a 4500 | ||
|---|---|---|---|
| 999 |
_c411507 _d411507 |
||
| 003 | BLK | ||
| 005 | 20230823115056.0 | ||
| 008 | 210427b bu |||||r|||| 00| | bu d | ||
| 040 | _aBLK | ||
| 041 |
_aBUL _cBUL |
||
| 080 |
_aСелскостопански машини и инструменти. Селскостопанско машиностроене _b631.3 _x(497.215) _z631.3(497.215) |
||
| 100 |
_9451024 _aДжерекарова, Славка Заглавие _eпърви автор |
||
| 139 |
_aДжерекарова, Славка _bД 50 |
||
| 245 |
_aЗавод за селскостопански машини "Георги Димитров" _bОчерк _cСлавка Джерекарова _h _f |
||
| 260 |
_9212206 _aСофия _bБКП _c1955 |
||
| 300 |
_a43 с. : ил. _c20 см |
||
| 380 | _a63 | ||
| 490 |
_9205748 _aНашето социалистическо строителство _v2 |
||
| 650 | 0 |
_9274068 _aСелскостопански машини и оръдия |
|
| 651 | 7 |
_9179462 _aРусе |
|
| 653 | 7 |
_9190686 _aмашиностроителни заводи |
|
| 852 |
_aК 63/Д 50 С _bК |
||
| 942 |
_cKNG _n0 _s1 _01 |
||
| 944 |
_aCR _c2021-04-27 _k30535 _lХристина Везирева |
||
| 999 | _d411507 | ||
| 999 | _d411507 | ||
| 999 | _d411507 | ||